| 000 | 00764nam a2200181Ia 4500 | ||
|---|---|---|---|
| 008 | 151202s9999||||xx |||||||||||||| ||und|| | ||
| 082 | _bPNVM-76893 | ||
| 100 | _aदेशपांडे वि.भा. | ||
| 245 | _aगानयोगी -पं. मल्लिकार्जुन मन्सूर . | ||
| 260 | _b" पृथ्वी प्रकाशन,पुणे " | ||
| 260 | _c2012 | ||
| 300 | _a200 | ||
| 600 | _aदेशपांडे वि.भा. | ||
| 630 | _aगानयोगी -पं. मल्लिकार्जुन मन्सूर . | ||
| 700 | _aदेशपांडे वि.भा. | ||
| 730 | _aगानयोगी -पं. मल्लिकार्जुन मन्सूर . | ||
| 942 | _cBOOK | ||
| 999 |
_c1343552 _d1343549 |
||